| 000 | 00976nam a2200277 a 4500 | ||
|---|---|---|---|
| 001 | 62070 | ||
| 003 | BD-RjUL | ||
| 005 | 20211209081035.0 | ||
| 008 | 170122s1997 enkab b 001 0 eng | ||
| 020 | _a0192842463 (hb : acidfree paper) | ||
| 020 | _a0192842064 (pbk. : acidfree paper) | ||
| 035 | _a(BD-RjUL)62195 | ||
| 040 |
_aDLC _cDLC _dBD-RjUL _beng |
||
| 041 | _aeng | ||
| 082 | 0 | 0 |
_a709.409033 _223 _bCRA 1997 |
| 100 | 1 |
_aCraske, Matthew. _9184640 |
|
| 245 | 1 | 0 |
_aArt in Europe, 1700-1830 : _ba history of the visual arts in an era of unprecedented urban economic growth / _cMatthew Craske. |
| 260 |
_aNew York : _bOxford University Press, _cc1997. |
||
| 300 |
_a320 p. : _bill. ; _c25 cm. |
||
| 504 | _aIncludes bibliographical references (p. 291-301) and index. | ||
| 650 | 0 |
_aArt, European _y18th century. _9184642 |
|
| 650 | 0 |
_aArt, European _y19th century. _9184643 |
|
| 942 |
_2ddc _cBK |
||
| 999 |
_c62070 _d62070 |
||